Vývoj a optimalizácia modelu neurónovej siete na predikciu dokovacieho skóre molekúl so zahrnutím vplyvu kavity proteínu
Uložené v:
| Hlavný autor: | |
|---|---|
| Ďalší autori: | |
| Médium: | Rukopis Kniha |
| Jazyk: | Slovak |
| Vydavateľské údaje: |
2025
|
| Predmet: | |
| On-line prístup: | http://is.stuba.sk/zp/portal_zp.pl?podrobnosti=183417 |
| Tagy: |
Žiadne tagy, Buďte prvý, kto otaguje tento záznam!
|
MARC
| LEADER | 00000ntm a22000003a 4500 | ||
|---|---|---|---|
| 001 | stuzp105160 | ||
| 003 | SK-STU | ||
| 005 | 20250607211224.8 | ||
| 007 | ta | ||
| 008 | 150427s2015----xo-----f-mn---000-0-slo-d | ||
| 040 | |a STU |b slo | ||
| 041 | 0 | |a slo | |
| 100 | 1 | |a Radačovská, Ema |u 047220 |4 aut |U FCHPT Ústav informatizácie, automatizácie a matematiky |T FCHPT Oddelenie informatizácie a riadenia procesov |X 110564 |U C7220 |Y 121 |7 110564 | |
| 242 | 0 | 1 | |a Development and optimization of a neural network model for predicting the docking score of molecules considering the influence of the protein cavity |y eng |
| 245 | 1 | 0 | |a Vývoj a optimalizácia modelu neurónovej siete na predikciu dokovacieho skóre molekúl so zahrnutím vplyvu kavity proteínu |
| 260 | |c 2025 | ||
| 650 | 4 | |a physicochemical property prediction |2 eng | |
| 650 | 4 | |a 3CLpro SARS-CoV-2 protein cavity |2 eng | |
| 650 | 4 | |a chemoinformatics |2 eng | |
| 650 | 4 | |a neural networks |2 eng | |
| 650 | 4 | |a kavita proteínu 3CLpro SARS-CoV-2 |2 slo | |
| 650 | 4 | |a chemoinformatika |2 slo | |
| 650 | 4 | |a neurónové siete |2 slo | |
| 650 | 4 | |a predikcia fyzikálno-chemických vlastností |2 slo | |
| 700 | 1 | |a Gall, Marián |u 047270 |k Z1 |4 ths |U FCHPT Ústav informatizácie, automatizácie a matematiky |T FCHPT Oddelenie matematiky |X 10341 |U C7270 |Y 122 |7 A000010341 | |
| 856 | 4 | |u http://is.stuba.sk/zp/portal_zp.pl?podrobnosti=183417 | |